000 01149cam a2200289 4500
008 020301n2000 000 0 eng u
020 _a0922154619
035 _a(Sirsi) u116924
041 _aeng.
050 _a333.3320973
100 _aRatterman, M.
245 _aResidential sales comparison approach: deriving, documenting, and defending your value opinion
260 _aChicago
_bAppraisal Institute
_c2000
300 _avii,106p.
_bill.
_c26cm.
350 _a27.50
520 _aAn American text designed to help appraisers and brokers understand the techniques, applications, logic and pitfalls in the valuation of residential properties using sales or listings as comparisons. The goal of the text is to prompt discussion and provide a basis in logic for making adjustments to the prices of comparables.
650 _aRESIDENTIAL PROPERTY
_96266
650 _aAPPRAISAL
650 _aValuation
_96273
650 _aAPPRAISAL TECHNIQUES
650 _aRESIDENTIAL SALES
650 _aCOMPARABLES
650 _aUNITED STATES
690 _aPROPERTY-PROPERTY APPRAISAL AND VALUATION
700 _aMcKinley, M.
942 _n0
999 _c101917
_d101917